Les pilotes F1 multiples champions du monde - Statistiques

Statistiques générales
  • Ce quiz a été pris 1 047 fois
    896 depuis la dernière actualisation
  • Le résultat moyen est 13 sur 17
Statistiques - réponses
Nombre de titres Pays Pilotes % Correct
7 Royaume-Uni Lewis Hamilton
100%
7 Allemagne Michael Schumacher
98%
4 France Alain Prost
97%
3 Brésil Ayrton Senna
96%
4 Pays-Bas Max Verstappen
96%
4 Allemagne Sebastian Vettel
95%
2 Espagne Fernando Alonso
88%
5 Argentine Juan Manuel Fangio
84%
3 Autriche Niki Lauda
83%
2 Finlande Mika Häkkinen
74%
3 Brésil Nelson Piquet
71%
2 Italie Alberto Ascari
65%
2 Royaume-Uni Graham Hill
63%
2 Brésil Emerson Fittipaldi
58%
3 Royaume-Uni Jackie Stewart
56%
3 Australie Jack Brabham
48%
2 Royaume-Uni Jim Clark
48%
Aucun quiz correspondant
Distribution des résultats
% des personnes avec chaque résultat
Percentile par nombre de réponses
Votre historique - résultats
Vous n’avez pas pris ce quiz depuis la dernière actualisation